01323nam a2200325 a 4500001001200000003000800012006001900020007001500039008004100054020001800095020001500113040002100128035002100149050002300170245015000193260005300343300002400396490004800420504005100468533015200519650002100671650002700692655002900719700002400748700003200772710001700804830003500821856012600856999001500982ebr10282659CaPaEBRm u cr cn|||||||||070809s2007 gw a sb 001 0 eng d z9783110190571 z3110190575 aCaPaEBRcCaPaEBR a(OCoLC)64680439214aP223b.T661 2007eb00aTones and tunes.nVolume 1,pTopological studies in word and sentence prosodyh[electronic resource] /cedited by Tomas Riad, Carlos Gussenhoven. aBerlin ;aNew York :bMouton de Gruyter,cc2007- axiv, 385 p. :bill.1 aPhonology and phonetics,x1861-4191 ;v12-1 aIncludes bibliographical references and index. aElectronic reproduction.bPalo Alto, Calif. :cebrary,d2013.nAvailable via World Wide Web.nAccess may be limited to ebrary affiliated libraries. 0aTone (Phonetics) 0aIntonation (Phonetics) 7aElectronic books.2local1 aRiad, Tomas,d1959-1 aGussenhoven, Carlos,d1946-2 aebrary, Inc. 0aPhonology and phonetics ;v12.40uhttp://site.ebrary.com/lib/rucke/Doc?id=10282659zAn electronic book accessible through the World Wide Web; click to view c3574d3574